[Event "FRA-chT2 South 0607"]
[Site "France"]
[Date "2007.01.21"]
[Round "6.5"]
[White "San Marco, Bruno"]
[Black "Martinet, Regis"]
[Result "1/2-1/2"]
[WhiteElo "2225"]
[BlackElo "2070"]
[PlyCount "74"]
[EventDate "2006.10.15"]
[EventType "team"]
[EventRounds "11"]
[EventCountry "FRA"]
[SourceTitle "EXT 2008"]
[Source "ChessBase"]
[SourceDate "2007.11.25"]
[SourceVersion "1"]
[SourceVersionDate "2007.11.25"]
[SourceQuality "1"]
[WhiteTeam "Saint Affrique"]
[BlackTeam "Pau Henri IV"]
[WhiteTeamCountry "FRA"]
[BlackTeamCountry "FRA"]

1. c4 Nf6 2. g3 g6 3. Bg2 Bg7 4. Nc3 d6 5. e3 0-0 6. Nge2 Nbd7 7. d4 c5 8. 0-0 Rb8 9. b3 b6 10. Bb2 a6 11. Qc2 e6 12. Rfd1 Qe7 13. Rd2 Bb7 14. Bxb7 Rxb7 15. Qd1 Rfb8 16. a4 Nf8 17. Nf4 h5 18. Qf3 N8h7 19. h4 Ng4 20. Ne4 b5 21. axb5 axb5 22. Bc3 bxc4 23. bxc4 Nhf6 24. Rda2 cxd4 25. exd4 e5 26. dxe5 Nxe5 27. Bxe5 Qxe5 28. Nxf6+ Bxf6 29. Ra8 Kg7 30. R1a7 Rb1+ 31. Kh2 Rxa8 32. Rxa8 Qe1 33. Ra7 Qg1+ 34. Kh3 Qf1+ 35. Kh2 Qg1+ 36. Kh3 Qf1+ 37. Kh2 Qg1+ 1/2-1/2

[Event "Pic d'Anie op 3rd"]
[Site "Pic d'Anie"]
[Date "2006.08.11"]
[Round "6"]
[White "Ivanova, Svetlana"]
[Black "Martinet, Regis"]
[Result "1-0"]
[WhiteElo "2192"]
[BlackElo "2005"]
[PlyCount "93"]
[EventDate "2006.08.07"]
[EventType "swiss"]
[EventRounds "7"]
[EventCountry "FRA"]
[SourceTitle "CBM 113 Extra"]
[Source "ChessBase"]
[SourceDate "2006.09.14"]
[SourceVersion "1"]
[SourceVersionDate "2006.09.14"]
[SourceQuality "1"]

1. e4 c5 2. Nf3 Nc6 3. d4 cxd4 4. Nxd4 Nf6 5. Nc3 e5 6. Ndb5 d6 7. Bg5 a6 8. Na3 b5 9. Nd5 Be7 10. Bxf6 Bxf6 11. c3 Ne7 12. Nc2 Bb7 13. Nce3 Nxd5 14. Nxd5 0-0 15. Be2 Bxd5 16. Qxd5 Qb6 17. 0-0 Qc5 18. Rfd1 Rfd8 19. Qb3 Rab8 20. Rd5 Qb6 21. a3 Be7 22. Rad1 Rdc8 23. g3 Rc5 24. Rxc5 dxc5 25. Rd7 Qf6 26. a4 c4 27. Bxc4 Rb6 28. axb5 axb5 29. Bxb5 Bc5 30. Rd2 Rd6 31. Qc2 Rxd2 32. Qxd2 h5 33. b4 Bb6 34. Kg2 h4 35. Bd7 hxg3 36. hxg3 g6 37. c4 Bd4 38. c5 Kf8 39. Qc2 Qd8 40. Ba4 Ke7 41. Bb3 Qc7 42. Qd2 Qb7 43. Bd5 Qa6 44. c6 Qa7 45. Qg5+ Ke8 46. Qf6 Qc7 47. Bxf7+ 1-0

[Event "Pic d'Anie op 3rd"]
[Site "Pic d'Anie"]
[Date "2006.08.11"]
[Round "5"]
[White "Martinet, Regis"]
[Black "Bruneau, Francois"]
[Result "1-0"]
[WhiteElo "2005"]
[BlackElo "2070"]
[PlyCount "61"]
[EventDate "2006.08.07"]
[EventType "swiss"]
[EventRounds "7"]
[EventCountry "FRA"]
[SourceTitle "CBM 113 Extra"]
[Source "ChessBase"]
[SourceDate "2006.09.14"]
[SourceVersion "1"]
[SourceVersionDate "2006.09.14"]
[SourceQuality "1"]

1. d4 Nf6 2. c4 e6 3. Nc3 Bb4 4. a3 Bxc3+ 5. bxc3 c5 6. f3 d5 7. e3 0-0 8. cxd5 exd5 9. Bd3 b6 10. Ne2 Ba6 11. Bxa6 Nxa6 12. Qd3 Nc7 13. 0-0 Re8 14. Ng3 cxd4 15. cxd4 Ne6 16. Bb2 Rc8 17. Rac1 Qd7 18. e4 dxe4 19. fxe4 Rxc1 20. Rxc1 Nc5 21. Qf3 Ncxe4 22. Nf5 Qb5 23. Ba1 Qd5 24. Qf4 a6 25. a4 Kf8 26. Rf1 Nh5 27. Qg4 g6 28. Nh6 Nd6 29. Qd7 Re7 30. Qd8+ Re8 31. Qxd6+ 1-0

[Event "Pic d'Anie op 3rd"]
[Site "Pic d'Anie"]
[Date "2006.08.09"]
[Round "3"]
[White "Martinet, Regis"]
[Black "Pastorelli, Loic"]
[Result "1-0"]
[WhiteElo "2005"]
[BlackElo "1760"]
[PlyCount "57"]
[EventDate "2006.08.07"]
[EventType "swiss"]
[EventRounds "7"]
[EventCountry "FRA"]
[SourceTitle "CBM 113 Extra"]
[Source "ChessBase"]
[SourceDate "2006.09.14"]
[SourceVersion "1"]
[SourceVersionDate "2006.09.14"]
[SourceQuality "1"]

1. d4 Nf6 2. c4 d6 3. Nc3 e5 4. e3 Be7 5. Be2 0-0 6. Nf3 e4 7. Nd2 Bf5 8. f3 d5 9. cxd5 Nxd5 10. Nxd5 Qxd5 11. fxe4 Bxe4 12. Nxe4 Qxe4 13. Bf3 Bb4+ 14. Kf2 Qf5 15. Rf1 c6 16. Kg1 Qg6 17. Qb3 Na6 18. a3 Bd6 19. Qxb7 c5 20. g3 Nc7 21. dxc5 Rab8 22. Qc6 Be5 23. Qxg6 hxg6 24. Rb1 Ne6 25. c6 Rb6 26. b4 Nc5 27. Bb2 Nd3 28. Bd4 Ra6 29. Rb3 1-0

[Event "FRA Cup"]
[Site "Pau"]
[Date "2005.01.16"]
[Round "2"]
[White "Rich, Philippe"]
[Black "Martinet, Regis"]
[Result "0-1"]
[WhiteElo "1980"]
[BlackElo "2037"]
[PlyCount "114"]
[EventDate "2005.01.16"]
[EventType "team"]
[EventRounds "1"]
[EventCountry "FRA"]
[SourceTitle "EXT 2007"]
[Source "ChessBase"]
[SourceDate "2006.11.23"]
[SourceVersion "1"]
[SourceVersionDate "2006.11.23"]
[SourceQuality "1"]

1. c4 g6 2. e4 Bg7 3. d4 c5 4. Nf3 d6 5. Nc3 Na6 6. Be3 Bg4 7. Be2 Qb6 8. 0-0 Bxf3 9. Bxf3 cxd4 10. Na4 Qc7 11. Bxd4 e5 12. Be3 Ne7 13. Rc1 b6 14. Nc3 0-0 15. Nb5 Qb7 16. Nxd6 Qc6 17. Nb5 f5 18. Bg5 Bf6 19. Bxf6 Rxf6 20. exf5 e4 21. Bxe4 Qxe4 22. Re1 Qxf5 23. Rxe7 Qxf2+ 24. Kh1 Raf8 25. h3 Qxb2 26. Qd5+ Kh8 27. Rce1 Nc5 28. Re8 Rxe8 29. Rxe8+ Kg7 30. Re7+ Kh6 31. Nd6 Qc1+ 32. Kh2 Qf4+ 33. g3 Qf2+ 34. Qg2 Qxg2+ 35. Kxg2 Rxd6 36. Rxa7 Rd4 37. a4 Rxc4 38. a5 b5 39. a6 Ra4 40. Rb7 b4 41. g4 Nxa6 42. h4 Nc5 43. Rc7 Ra2+ 44. Kf3 Ra3+ 45. Ke2 Rc3 46. g5+ Kh5 47. Rxh7+ Kg4 48. h5 Kxg5 49. hxg6 Kxg6 50. Rh4 b3 51. Rb4 Kf6 52. Kd2 Rc2+ 53. Kd1 Rh2 54. Rb5 b2 55. Rb6+ Ke5 56. Rb5 Kd4 57. Rb4+ Kd3 0-1

[Event "FRA-chT2 0405"]
[Site "France"]
[Date "2004.10.10"]
[Round "1.6"]
[White "Martinet, Regis"]
[Black "Wannebroucq, Sebastien"]
[Result "0-1"]
[WhiteElo "2037"]
[BlackElo "2137"]
[PlyCount "64"]
[EventDate "2004.10.10"]
[EventType "team"]
[EventRounds "11"]
[EventCountry "FRA"]
[SourceTitle "EXT 2006"]
[Source "ChessBase"]
[SourceDate "2005.11.24"]
[SourceVersion "1"]
[SourceVersionDate "2005.11.24"]
[SourceQuality "1"]
[WhiteTeam "Pau Henri"]
[BlackTeam "Bayonne"]
[WhiteTeamCountry "FRA"]
[BlackTeamCountry "FRA"]

1. e4 c5 2. Nf3 e6 3. Nc3 a6 4. g3 b5 5. Bg2 Bb7 6. d3 d6 7. 0-0 Nf6 8. Nd2 Nc6 9. f4 Qc7 10. Nf3 b4 11. Ne2 Be7 12. c3 bxc3 13. Nxc3 0-0 14. Kh1 Rab8 15. Ng5 h6 16. Nh3 d5 17. e5 Nh7 18. g4 g5 19. Qe1 Nd4 20. Qg3 f6 21. Bd2 Bc6 22. b3 fxe5 23. fxe5 Rxf1+ 24. Rxf1 Rf8 25. Rxf8+ Bxf8 26. Nf2 Bg7 27. h4 Bxe5 28. Qe3 Bf4 29. Qe1 Bxd2 30. Qxd2 Qg3 31. hxg5 Nxg5 32. Qe1 Qh4+ 0-1